| 000 | 00731nam a2200217Ia 4500 | ||
|---|---|---|---|
| 003 | GCL | ||
| 008 | 140319s9999 xx 000 0 ara d | ||
| 040 |
_aGCL / _cGCL |
||
| 082 | 0 | 4 |
_a791.43 _bر ذ |
| 100 | 1 | _aرياض عصمت | |
| 245 | 1 | 0 |
_aذكريات السينما / _cرياض عصمت |
| 250 | _aالاولى | ||
| 260 |
_aسوريا : _bوزارة الثقافة - المؤسسة العامة للسينما ، _c2005 |
||
| 300 |
_a463 ص ؛ _c24 سم |
||
| 490 |
_aالفن السابع _v101 |
||
| 650 | 0 | 4 | _aالسينما |
| 650 | 0 | 4 | _aالاخراج السينمائى |
| 650 | 0 | 4 | _aالممثلون والممثلات |
| 650 | 0 | 4 | _aالافلام السينمائية - تاريخ ونقد |
| 942 |
_2ddc _cBK |
||
| 999 |
_c9901 _d9901 |
||